Statistics for Taylor Swift - Begin Again Lyrics

Click here to take the quiz!

General Stats

  • This quiz has been taken 94 times
  • The average score is 285 of 336

Answer Stats

Answer% Correct
a
100%
I
100%
it
100%
be
98%
We
98%
we
98%
begin
96%
do
96%
in
96%
On
96%
on
96%
and
94%
And
94%
But
94%
That
94%
that
94%
to
94%
watched
94%
you
94%
You
94%
your
94%
again
92%
cafe
92%
café
92%
did
92%
He
92%
he
92%
I'm
92%
is
92%
it's
92%
like
92%
never
92%
the
92%
'cause
90%
'Cause
90%
ever
90%
me
90%
think
90%
Wednesday
90%
funny
88%
when
88%
who
88%
heels
85%
high
85%
last
85%
wore
85%
all
83%
been
83%
break
83%
didn't
83%
don't
83%
I've
83%
laughing
83%
little
83%
love
83%
said
83%
Thinking
83%
back
81%
burn
81%
end
81%
head
81%
kid
81%
know
81%
months
81%
my
81%
strange
81%
throw
81%
walk
81%
does
79%
eight
79%
spending
79%
how
77%
for
75%
nice
75%
walked
75%
as
73%
got
73%
records
73%
Christmas
71%
early
71%
first
71%
here
71%
late
71%
this
71%
about
69%
chair
69%
down
69%
every
69%
never
69%
past
69%
single
69%
talk
69%
time
69%
what's
69%
always
67%
family
67%
you'd
67%
car
65%
expecting
65%
girl
65%
Had
65%
James
65%
met
65%
pull
65%
song
65%
Taylor
65%
want
65%
Wednesday
65%
why
65%
get
63%
movies
63%
out
63%
help
60%
many
60%
stand
60%
up
60%
watches
60%
almost
58%
off
58%
one
58%
block
56%
him
56%
mirror
56%
shy
56%
Took
56%
breath
54%
deep
54%
start
54%
wave
54%
brought
52%
coming
52%
headphones
52%
put
52%
lock
46%
tell
44%
Turn
44%
stories
42%

Score Distribution

Percentile by Number Answered

Percent of People with Each Score

Your Score History

You have not taken this quiz